00788nam a2200217 i 4500003000900000005001700009007000300026008004100029020001800070020001800088040003000106082001300136110007800149245012100227264007900348300002600427336002700453337003400480338002800514504002800542DO-SdBNP20230920150717.0ta110413s2022 dr 000 0 spa d a9789945621884 a9789945621891 aDO-SdBNPbspacBNPHUerda bR4262221 aRepública DominicanabMinisterio de Salud Pública y Asistencia Social10aNorma para la atención integral en salud de las personas en situación de violencia de género e intrafamiliar / aSanto Domingo :bMinisterio de Salud Pública y Asistencia Social,c2022. a47 páginas c26 cm. 2rdacontentatextobtxt 2rdamediaasin mediación bn 2rdacarrieravolumenbnc aBibliografía p: 40-44